MARC

LEADER 00000nam0a2200000 4500
001 23748
005 20231030195918.0
010 |a 502008350X 
035 |a (RuTPU)RU\TPU\book\23973 
035 |a BOOK00024046 
090 |a 23748 
100 |a 20011209d2000 k y0rusy50 ca 
101 0 |a rus 
102 |a RU 
105 |a y z 000zy 
200 1 |a Аграрная политика и аграрные отношения в России в ХХ веке  |f Г. И. Шмелев 
210 |a Москва  |c Наука  |d 2000 
215 |a 255 с. 
610 1 |a экономика 
610 1 |a аграрные отношения 
610 1 |a Россия 
610 1 |a 20 век 
610 1 |a аграрная политика 
610 1 |a сельское хозяйство 
610 1 |a реформы 
610 1 |a история 
610 1 |a кооперация 
610 1 |a коллективизация 
610 1 |a крестьянское хозяйство 
610 1 |a национализация земли 
686 |a У9(2)32  |v LBC/SL-A  |2 rubbk 
700 1 |a Шмелев  |b Г. И.  |g Гелий Иванович 
801 0 |a RU  |b 63413507  |c 20011209  |g PSBO 
801 2 |a RU  |b 63413507  |c 20211027  |g PSBO 
942 |c BK